000 00914cam a2200313 i 4500
001 804406
003 ARRUPE
005 20130917171626.0
008 750625s1974 enk 000 1 eng
010 _a 75314725
015 _aGB74-22223
020 _a037010935X :
_c£1.40
040 _aDLC
_cDLC
_dDLC
_dOCoLC
043 _an-cn-bc
050 0 0 _aPZ4.C896512
_bIah6
_aPS3553.R277
082 0 0 _a813/.5/4
100 1 _aCraven, Margaret.
_9410
245 1 0 _aI heard the owl call my name /
_cMargaret Craven.
260 _aLondon :
_bBodley Head,
_c1974.
300 _a126 p. ;
_c23 cm.
490 0 _aA Book for new adults
650 0 _aKwakiutl Indians
_xFiction.
_9411
650 0 _aPriests
_xFiction.
_9412
651 0 _aBritish Columbia
_xFiction.
_9413
655 7 _aAdventure stories.
_2gsafd
_9414
906 _a7
_bcbc
_corignew
_d3
_encip
_f19
_gy-gencatlg
942 _2lcc
_cMONOGRAPH
999 _c117844
_d117844